<?xml version="1.0" encoding="UTF-8"?><?xml-stylesheet type="text/xsl" href="static/style.xsl"?><OAI-PMH xmlns="http://www.openarchives.org/OAI/2.0/" xmlns:xsi="http://www.w3.org/2001/XMLSchema-instance" xsi:schemaLocation="http://www.openarchives.org/OAI/2.0/ http://www.openarchives.org/OAI/2.0/OAI-PMH.xsd"><responseDate>2026-04-18T00:29:00Z</responseDate><request verb="GetRecord" identifier="oai:www.recercat.cat:10230/70359" metadataPrefix="marc">https://recercat.cat/oai/request</request><GetRecord><record><header><identifier>oai:recercat.cat:10230/70359</identifier><datestamp>2025-07-05T22:29:11Z</datestamp><setSpec>com_2072_6</setSpec><setSpec>col_2072_452952</setSpec></header><metadata><record xmlns="http://www.loc.gov/MARC21/slim" xmlns:dcterms="http://purl.org/dc/terms/" xmlns:xsi="http://www.w3.org/2001/XMLSchema-instance" xmlns:doc="http://www.lyncode.com/xoai" xsi:schemaLocation="http://www.loc.gov/MARC21/slim http://www.loc.gov/standards/marcxml/schema/MARC21slim.xsd">
   <leader>00925njm 22002777a 4500</leader>
   <datafield ind2=" " ind1=" " tag="042">
      <subfield code="a">dc</subfield>
   </datafield>
   <datafield ind2=" " ind1=" " tag="720">
      <subfield code="a">Van Bladel, Han</subfield>
      <subfield code="e">author</subfield>
   </datafield>
   <datafield ind2=" " ind1=" " tag="720">
      <subfield code="a">Stroobandt, Bram</subfield>
      <subfield code="e">author</subfield>
   </datafield>
   <datafield ind2=" " ind1=" " tag="720">
      <subfield code="a">Fernandes Veludo, Adriana</subfield>
      <subfield code="e">author</subfield>
   </datafield>
   <datafield ind2=" " ind1=" " tag="720">
      <subfield code="a">Deprez, Kenneth</subfield>
      <subfield code="e">author</subfield>
   </datafield>
   <datafield ind2=" " ind1=" " tag="720">
      <subfield code="a">Röösli, Martin</subfield>
      <subfield code="e">author</subfield>
   </datafield>
   <datafield ind2=" " ind1=" " tag="720">
      <subfield code="a">Tognola, Gabriella</subfield>
      <subfield code="e">author</subfield>
   </datafield>
   <datafield ind2=" " ind1=" " tag="720">
      <subfield code="a">Parazzini, Marta</subfield>
      <subfield code="e">author</subfield>
   </datafield>
   <datafield ind2=" " ind1=" " tag="720">
      <subfield code="a">Thuróczy, György</subfield>
      <subfield code="e">author</subfield>
   </datafield>
   <datafield ind2=" " ind1=" " tag="720">
      <subfield code="a">Polańska, Kinga</subfield>
      <subfield code="e">author</subfield>
   </datafield>
   <datafield ind2=" " ind1=" " tag="720">
      <subfield code="a">Politanski, Piotr</subfield>
      <subfield code="e">author</subfield>
   </datafield>
   <datafield ind2=" " ind1=" " tag="720">
      <subfield code="a">Wiart, Joe</subfield>
      <subfield code="e">author</subfield>
   </datafield>
   <datafield ind2=" " ind1=" " tag="720">
      <subfield code="a">Guxens Junyent, Mònica</subfield>
      <subfield code="e">author</subfield>
   </datafield>
   <datafield ind2=" " ind1=" " tag="720">
      <subfield code="a">Joseph, Wout</subfield>
      <subfield code="e">author</subfield>
   </datafield>
   <datafield ind2=" " ind1=" " tag="260">
      <subfield code="c">2025-05-13T06:05:37Z</subfield>
   </datafield>
   <datafield ind2=" " ind1=" " tag="260">
      <subfield code="c">2025-05-13T06:05:37Z</subfield>
   </datafield>
   <datafield ind2=" " ind1=" " tag="260">
      <subfield code="c">2025</subfield>
   </datafield>
   <datafield ind2=" " ind1=" " tag="520">
      <subfield code="a">Introduction: Several devices have been developed to assess exposure to radiofrequency electromagnetic field (RF-EMF). Since the existing solutions to measure the personal exposure induced by emerging 5G New Radio (NR) are expensive, complex, and bulky, a new cost efficient and low-complexity sensor is developed, that aims to measure RF-EMF exposure in different scenarios of data transmission within different areas. Methods: With this novel sensor, activity-based microenvironmental surveys were conducted across seven European countries: Belgium, Hungary, Italy, Poland, Switzerland, the Netherlands, and the United Kingdom. The device is attached to a smartphone to quantify the auto-induced uplink (a-UL) transmission component of the total exposure for a broadband frequency range from 100 MHz to 6000 MHz and is thus denoted as add-on sensor. In-situ measurements were performed for three usage scenarios, namely non-user (i.e., environmental exposure), maximum downlink (max DL), and maximum uplink (max UL) scenarios, in a large city, a secondary city, and three rural villages a priori selected within each country. Results: Power levels were lowest in non-user scenarios (median: -2.64 dBm or 0.54mW), increasing by a factor of 5.00 dB in maximum downlink scenarios and by a factor of 14.15 dB in maximum uplink scenarios. In the maximum uplink scenarios, the highest median a-UL power of 18.68dBm (= 73.79 mW) was recorded in The Netherlands, while the lowest median a-UL power of 4.77dBm (= 3 mW) was observed in the UK. The analysis of the measured data showed a prominent trend of a 2.72 dB lower power in the cities compared to the villages. Further comparisons were made based on microenvironment groups, where the lowest a-UL power levels (median: 12.35dBm) were measured in outdoor areas, with an increase of 1.78 dB and 1.91 dB in power was measured compared to public transport and public places, respectively. Conclusion: This study compares RF-EMF power levels between different countries, urbanization settings, and usage scenarios, which is important for future epidemiological studies.</subfield>
   </datafield>
   <datafield tag="653" ind2=" " ind1=" ">
      <subfield code="a">5G</subfield>
   </datafield>
   <datafield tag="653" ind2=" " ind1=" ">
      <subfield code="a">Mobile telecommunications</subfield>
   </datafield>
   <datafield tag="653" ind2=" " ind1=" ">
      <subfield code="a">Non-ionizing radiation</subfield>
   </datafield>
   <datafield tag="653" ind2=" " ind1=" ">
      <subfield code="a">Personal exposure measurements</subfield>
   </datafield>
   <datafield tag="653" ind2=" " ind1=" ">
      <subfield code="a">Radiofrequency electromagnetic fields (RF-EMF)</subfield>
   </datafield>
   <datafield ind2="0" ind1="0" tag="245">
      <subfield code="a">RF-EMF exposure assessment with add-on uplink exposure sensor in different microenvironments in seven European countries</subfield>
   </datafield>
</record></metadata></record></GetRecord></OAI-PMH>